| 000 | 00804nam a22002177a 4500 | ||
|---|---|---|---|
| 005 | 20100814143712.0 | ||
| 010 | _aENG-100358 | ||
| 020 |
_a8182940362 _c50.00 |
||
| 035 | _aEN-83890 | ||
| 037 | _bDBAD/PUB | ||
| 082 | _a158.1 | ||
| 100 |
_aSudha, Chadalawada _913659 |
||
| 245 |
_aScaling new heights / _cby Chadalawala Sudha [and] C. Nageshwara Rao |
||
| 260 |
_aVijayawada _bAlakananda Prachuranalu |
||
| 270 |
_a# 59-6-15, Kanchukota Road, Opp. Maris Stella College _bVijayawada _e520008 |
||
| 300 |
_a176p. _c18cm (pbk) |
||
| 650 |
_aSuccess in odolescene _913660 |
||
| 700 |
_aRao, C. Nageswara _913442 |
||
| 942 |
_2ddc _cEN _h158.1 _mSUD |
||
| 999 |
_c41923 _d41923 |
||